[Event "MCR senioru 2014 - nad 60 let"]
[Site "Rychnov nad Kneznou"]
[Date "2014.08.21"]
[Round "6.7"]
[White "Grabow, Holm Pouelsten"]
[Black "Sobotnik, Petr"]
[Result "0-1"]
[WhiteElo "2150"]
[BlackElo "1951"]
[PlyCount "100"]
[EventDate "2014.??.??"]

1. d4 d5 2. c4 e6 3. Nc3 Nf6 4. Nf3 c6 5. e3 Nbd7 6. Bd3 Bd6 7. O-O O-O 8. Qe2
e5 9. cxd5 cxd5 10. dxe5 Nxe5 11. h3 Nxd3 12. Qxd3 Be6 13. Nb5 Be7 14. b3 Ne4
15. Bb2 a6 16. Nbd4 Rc8 17. Rfd1 Bf6 18. Rac1 Qd7 19. Nd2 Rxc1 20. Rxc1 Nxd2
21. Qxd2 Rc8 22. Nf3 Bxb2 23. Qxb2 Rxc1+ 24. Qxc1 f6 25. Nd4 Kf7 26. Kf1 g6 27.
Ke2 h5 28. Qc5 Qe7 29. b4 Qxc5 30. bxc5 Bc8 31. Kd3 h4 32. Ne2 g5 33. Kd4 g4
34. hxg4 Bxg4 35. Nf4 a5 36. a3 Bd7 37. Nxd5 Bc6 38. Nf4 Bxg2 39. Kc4 h3 40.
Nxh3 Bxh3 41. Kb5 Ke6 42. Kxa5 Bg2 43. Kb6 Kf5 44. Kc7 Kg4 45. Kd6 Kf3 46. Ke6
Kxf2 47. Kxf6 Kxe3 48. Ke5 Kd3 49. a4 Kc4 50. a5 Kb5 0-1

[Event "MCR senioru 2014 - nad 60 let"]
[Site "Rychnov nad Kneznou"]
[Date "2014.08.21"]
[Round "6.9"]
[White "Novotny, Josef"]
[Black "Majerik, Vladimir"]
[Result "1-0"]
[WhiteElo "2134"]
[BlackElo "2094"]
[PlyCount "98"]
[EventDate "2014.??.??"]

1. e3 d5 2. d3 Nf6 3. b3 c6 4. Bb2 Bg4 5. Be2 Bxe2 6. Qxe2 e6 7. f4 Na6 8. Nf3
Qa5+ 9. c3 Qb6 10. O-O Bc5 11. d4 Be7 12. Ne5 g6 13. Nd2 O-O 14. Kh1 Qc7 15.
Qf3 Nd7 16. Qh3 f5 17. Rf3 Nxe5 18. fxe5 Qd8 19. g3 Nc7 20. a4 b5 21. a5 b4 22.
c4 Rb8 23. Qf1 Kg7 24. Kg1 h5 25. Rf2 Bg5 26. Qe2 Be7 27. Rff1 Rh8 28. Rfc1 h4
29. Nf1 Rh5 30. Rc2 hxg3 31. hxg3 Qh8 32. Qg2 Bg5 33. Bc1 Rc8 34. Bd2 Qh6 35.
Rac1 Rh8 36. Kf2 Rh3 37. cxd5 Nxd5 38. Rxc6 Rf8 39. Rxe6 Nc3 40. Ke1 Ne4 41.
Rc7+ Rf7 42. Rxf7+ Kxf7 43. Ra6 Rh1 44. Rxa7+ Kg8 45. e6 Bxe3 46. Ra8+ Kg7 47.
e7 Bxd2+ 48. Kd1 Qh5+ 49. Kc2 Nf2 1-0

[Event "MCR senioru 2014 - nad 60 let"]
[Site "Rychnov nad Kneznou"]
[Date "2014.08.21"]
[Round "6.10"]
[White "Miciak, Emanuel"]
[Black "Uhmann, Jan"]
[Result "0-1"]
[WhiteElo "1865"]
[BlackElo "2094"]
[PlyCount "88"]
[EventDate "2014.??.??"]

1. d4 d5 2. c4 e6 3. Nf3 Nf6 4. g3 Be7 5. Bg2 c6 6. Nc3 O-O 7. O-O Nbd7 8. b3
b6 9. Bg5 Bb7 10. Rc1 Ne4 11. Bxe7 Qxe7 12. Nxe4 dxe4 13. Nd2 f5 14. e3 c5 15.
Nb1 Rad8 16. Qc2 e5 17. d5 Nf6 18. Nd2 Rd6 19. f3 exf3 20. Bxf3 e4 21. Be2 Bc8
22. Rf2 Nd7 23. Qc3 Ne5 24. Rcf1 Rff6 25. b4 Nf7 26. bxc5 bxc5 27. Rb1 Qc7 28.
Nb3 Ra6 29. Bd1 Ra3 30. Rbb2 Ne5 31. Be2 Rfa6 32. Qc2 h5 33. Rg2 Rh6 34. Qd2
Raa6 35. Qd1 h4 36. Qf1 Rag6 37. Qf4 Qe7 38. Na5 h3 39. Rb8 hxg2 40. Rxc8+ Kh7
41. Qxf5 Nf3+ 42. Bxf3 exf3 43. Qd3 Qe5 44. Nb3 Qxg3 0-1

[Event "MCR senioru 2014 - nad 60 let"]
[Site "Rychnov nad Kneznou"]
[Date "2014.08.21"]
[Round "6.11"]
[White "Tomèík, Alexander"]
[Black "Hastík, Svatopluk"]
[Result "0-1"]
[WhiteElo "1862"]
[BlackElo "2075"]
[PlyCount "86"]
[EventDate "2014.08.16"]

1. d4 Nf6 2. c4 g6 3. Nc3 Bg7 4. Nf3 O-O 5. e4 d6 6. Bg5 c5 7. Qd2 cxd4 8. Nxd4
Nc6 9. Nxc6 bxc6 10. Bh6 Rb8 11. Bxg7 Kxg7 12. Be2 Qb6 13. Rb1 Rd8 14. O-O e5
15. Kh1 Be6 16. b3 d5 17. cxd5 cxd5 18. exd5 Nxd5 19. Nxd5 Bxd5 20. Qe3 Qxe3
21. fxe3 Be4 22. Rbd1 Bc2 23. Rxd8 Rxd8 24. Bc4 f5 25. Kg1 Kf6 26. Re1 Ke7 27.
Kf2 Bd3 28. Bxd3 Rxd3 29. Ke2 Rd6 30. Rc1 Ra6 31. Rc2 Ke6 32. Kf3 g5 33. h3 e4+
34. Kg3 Rb6 35. Rc7 Ra6 36. Rc2 Kd5 37. Kf2 h5 38. Ke2 h4 39. Kf2 g4 40. hxg4
fxg4 41. a4 Rb6 42. Rc3 a5 43. Kf1 Rf6+ 0-1

[Event "MCR senioru 2014 - nad 60 let"]
[Site "Rychnov nad Kneznou"]
[Date "2014.08.21"]
[Round "6.13"]
[White "Chmelík, Jiøí"]
[Black "Zapletal, Milan"]
[Result "1/2-1/2"]
[WhiteElo "1976"]
[BlackElo "1844"]
[PlyCount "27"]
[EventDate "2014.08.16"]

1. d4 d5 2. c4 dxc4 3. Nf3 c5 4. d5 e6 5. e4 exd5 6. exd5 Nf6 7. Bxc4 Bd6 8.
O-O O-O 9. Nc3 a6 10. a4 Bf5 11. Bg5 h6 12. Bh4 Nbd7 13. Bg3 Qc7 14. Re1
1/2-1/2

[Event "MCR senioru 2014 - nad 60 let"]
[Site "Rychnov nad Kneznou"]
[Date "2014.08.21"]
[Round "6.14"]
[White "Pittermann, Jan"]
[Black "Šíbl, Václav"]
[Result "1/2-1/2"]
[WhiteElo "1838"]
[BlackElo "1965"]
[PlyCount "51"]
[EventDate "2014.08.16"]

1. c4 e5 2. g3 d6 3. Bg2 g6 4. Nc3 f5 5. e3 Bg7 6. d3 Nh6 7. Nge2 Nf7 8. Rb1
Nd7 9. O-O O-O 10. b4 Re8 11. a4 Nf6 12. Nd5 Nh5 13. b5 Rb8 14. Bd2 Bd7 15. Ba5
b6 16. Bd2 g5 17. Nec3 Nf6 18. Nxf6+ Bxf6 19. Nd5 Bg7 20. Nb4 e4 21. Qc2 Qe7
22. Nd5 Qd8 23. dxe4 Nh6 24. exf5 Bxf5 25. e4 Bg6 26. Rfe1 1/2-1/2

[Event "MCR senioru 2014 - nad 60 let"]
[Site "Rychnov nad Kneznou"]
[Date "2014.08.21"]
[Round "6.15"]
[White "Pavliš, Jaromír"]
[Black "Prachaø, Josef"]
[Result "1-0"]
[WhiteElo "1948"]
[BlackElo "1832"]
[PlyCount "113"]
[EventDate "2014.08.16"]

1. e4 c5 2. Nc3 Nc6 3. f4 g6 4. Nf3 Bg7 5. Be2 e6 6. O-O Nge7 7. Qe1 Nd4 8. Bd1
Nec6 9. d3 d6 10. Ne2 O-O 11. c3 Nxf3+ 12. Rxf3 f5 13. Ng3 Kh8 14. exf5 exf5
15. Ba4 Bd7 16. Bb3 Qf6 17. Bd2 Rae8 18. Qf1 Be6 19. Qd1 d5 20. Ba4 d4 21. Bxc6
bxc6 22. c4 Bg8 23. Qc2 Re7 24. Rff1 Rb8 25. Rfe1 Re3 26. b3 Ree8 27. Rxe8 Rxe8
28. Re1 Rxe1+ 29. Bxe1 Qe6 30. Qe2 Bf8 31. Qxe6 Bxe6 32. Ne2 Kg8 33. Kf2 h6 34.
Bd2 Be7 35. Ng1 Kg7 36. Nf3 Bf7 37. h4 h5 38. Ba5 Bd6 39. g3 Be8 40. Bd8 Bf7
41. Ke2 Be8 42. Ne5 Bf8 43. Bc7 Kf6 44. Bb8 a6 45. Nf3 Ke6 46. Bc7 Kd7 47. Bb6
Kd6 48. Ng1 Bg7 49. Nh3 Bf6 50. Nf2 Be7 51. Nd1 Ke6 52. Nb2 Kf6 53. Na4 Bd7 54.
Bxc5 Bxc5 55. Nxc5 Bc8 56. b4 Ke7 57. Nb3 1-0

[Event "MCR senioru 2014 - nad 60 let"]
[Site "Rychnov nad Kneznou"]
[Date "2014.08.21"]
[Round "6.16"]
[White "Milián, Milan"]
[Black "Koèí, Ladislav"]
[Result "0-1"]
[WhiteElo "1861"]
[BlackElo "1915"]
[PlyCount "139"]
[EventDate "2014.08.16"]

1. e4 c5 2. Nf3 d6 3. c4 Nc6 4. d4 cxd4 5. Nxd4 Nf6 6. Nc3 Bd7 7. Nc2 g6 8. Be2
Bg7 9. Be3 O-O 10. O-O Qa5 11. Rb1 Rfc8 12. b4 Qd8 13. f3 Ne5 14. c5 b6 15. Ba6
Rc7 16. Nd5 Nxd5 17. Qxd5 Be6 18. Qd2 Bc4 19. Bxc4 Nxc4 20. Qd3 Nxe3 21. Nxe3
dxc5 22. Qxd8+ Rxd8 23. bxc5 Bd4 24. Kf2 Rxc5 25. Rfe1 Rc3 26. Rb3 Bxe3+ 27.
Rxe3 Rd2+ 28. Re2 Rxe2+ 29. Kxe2 Rc2+ 30. Kd3 Rxa2 31. Kc4 Ra5 32. Rd3 Rc5+ 33.
Kb4 e6 34. Rd7 Ra5 35. Rb7 Ra1 36. Kc3 Ra5 37. Kc4 e5 38. Kb3 Rb5+ 39. Kc4 a6
40. Ra7 Rc5+ 41. Kb3 a5 42. Ka4 Kg7 43. Rb7 Rc6 44. Kb5 Rd6 45. Kc4 h5 46. Kc3
Kf6 47. Kc4 Ke6 48. Kc3 f5 49. Kc4 fxe4 50. fxe4 h4 51. Kc3 Kf6 52. Rb8 Kg5 53.
Rh8 Kg4 54. Rf8 Kg5 55. Rf2 Rf6 56. Rb2 Rd6 57. Rf2 Rd4 58. Rb2 Rb4 59. Rf2
Rxe4 60. Kd3 Rd4+ 61. Kc3 Rb4 62. Rf1 e4 63. Rf7 b5 64. Rf8 Rc4+ 65. Kd2 a4 66.
g3 hxg3 67. hxg3 a3 68. Ke3 a2 69. Rf1 Ra4 70. Kd2 0-1

[Event "MCR senioru 2014 - nad 60 let"]
[Site "Rychnov nad Kneznou"]
[Date "2014.08.21"]
[Round "6.17"]
[White "Lexa, Václav"]
[Black "Vlachopulos, Elefteris"]
[Result "1-0"]
[WhiteElo "1900"]
[BlackElo "1776"]
[PlyCount "101"]
[EventDate "2014.08.16"]

1. d4 d5 2. c4 e6 3. Nc3 Nf6 4. Bg5 Be7 5. e3 h6 6. Bh4 O-O 7. Bd3 dxc4 8. Bxc4
Nbd7 9. Nf3 c5 10. O-O cxd4 11. Nxd4 Nb6 12. Bd3 Nfd5 13. Bxe7 Qxe7 14. Nxd5
Nxd5 15. Rc1 Bd7 16. a3 Rac8 17. Qb3 Rxc1 18. Rxc1 Rc8 19. Rxc8+ Bxc8 20. h3
Qc5 21. Kh2 a6 22. Be4 Qc7+ 23. g3 Nf6 24. Bg2 b5 25. Qc2 Qxc2 26. Nxc2 Kf8 27.
b4 Ke7 28. Kg1 Nd7 29. Kf1 Nb6 30. Ke2 Kd6 31. Kd3 Nc4 32. Kc3 Kc7 33. a4 e5
34. axb5 axb5 35. h4 Bf5 36. Ne1 Nd6 37. Bd5 Ne4+ 38. Bxe4 Bxe4 39. f3 Bd5 40.
Nd3 Bxf3 41. Nxe5 Bd5 42. Kd4 Be6 43. Kc5 f6 44. Nf3 g5 45. Nd4 Bh3 46. Nxb5+
Kd7 47. Nd4 f5 48. b5 f4 49. exf4 gxf4 50. gxf4 Bg2 51. f5 1-0

[Event "MCR senioru 2014 - nad 60 let"]
[Site "Rychnov nad Kneznou"]
[Date "2014.08.21"]
[Round "6.19"]
[White "Palla, Stanislav"]
[Black "Rùèka, Alois"]
[Result "1/2-1/2"]
[WhiteElo "1769"]
[BlackElo "1936"]
[PlyCount "65"]
[EventDate "2014.08.16"]

1. e4 c5 2. c3 d5 3. exd5 Qxd5 4. d4 Nf6 5. Nf3 Nc6 6. dxc5 Qxd1+ 7. Kxd1 Bg4
8. Be2 Rd8+ 9. Ke1 e5 10. Bg5 Bxc5 11. Bxf6 gxf6 12. h3 Bf5 13. g4 Be6 14. Nbd2
Bf8 15. Bc4 Bh6 16. Bxe6 fxe6 17. Rd1 Ke7 18. Ke2 Bf4 19. Nc4 b5 20. Ne3 Rc8
21. Rd2 Rc7 22. Rhd1 h5 23. Nh4 Rh6 24. Nhg2 hxg4 25. hxg4 Bg5 26. f3 Rh2 27.
Kf1 Rh8 28. Kf2 Na5 29. Kg3 Nc4 30. Nxc4 bxc4 31. Re2 Rc5 32. f4 exf4+ 33. Nxf4
1/2-1/2

[Event "MCR senioru 2014 - nad 60 let"]
[Site "Rychnov nad Kneznou"]
[Date "2014.08.21"]
[Round "6.20"]
[White "Švéda, Jiøí"]
[Black "Kocour, Zdenìk"]
[Result "1/2-1/2"]
[WhiteElo "1927"]
[BlackElo "1821"]
[PlyCount "104"]
[EventDate "2014.08.16"]

1. e4 Nf6 2. e5 Nd5 3. d4 d6 4. c4 Nb6 5. exd6 exd6 6. Nf3 Bg4 7. h3 Bh5 8. Nc3
Be7 9. Be3 Nc6 10. b3 O-O 11. Be2 Bf6 12. Rc1 Rc8 13. O-O Re8 14. Re1 a6 15.
Qd2 Qd7 16. Rcd1 Bxf3 17. Bxf3 Rb8 18. Ne4 Qd8 19. Ng3 Ne7 20. Re2 Bh4 21. Bf4
Ng6 22. Rxe8+ Qxe8 23. Bg5 Bxg3 24. fxg3 h6 25. Be3 Nd7 26. h4 c6 27. h5 Ne7
28. Bf4 Nf6 29. Bxd6 Rd8 30. Qf4 Qd7 31. Be5 Nh7 32. c5 Ng5 33. Bd6 Nxf3+ 34.
gxf3 Nf5 35. d5 Nxd6 36. dxc6 Qxc6 37. cxd6 Rd7 38. Kg2 f6 39. Kh3 Kf7 40. g4
Ke6 41. Qf5+ Kf7 42. Qg6+ Kf8 43. Qd3 Kf7 44. f4 Ke6 45. f5+ Kf7 46. Qd5+ Qxd5
47. Rxd5 Rd8 48. Kg3 Ke8 49. Kf4 Kd7 50. Ke4 Kc6 51. Rd3 Re8+ 52. Kf4 Kd7
1/2-1/2

[Event "MCR senioru 2014 - nad 60 let"]
[Site "Rychnov nad Kneznou"]
[Date "2014.08.21"]
[Round "6.21"]
[White "Sedláèek, Jan"]
[Black "Koøínek, Jaroslav"]
[Result "1-0"]
[WhiteElo "1891"]
[BlackElo "1810"]
[PlyCount "85"]
[EventDate "2014.08.16"]

1. e4 e5 2. Nf3 Nc6 3. Bb5 a6 4. Ba4 Nf6 5. O-O Be7 6. Re1 b5 7. Bb3 O-O 8. a4
Bb7 9. d3 d6 10. c3 h6 11. Nbd2 Qd7 12. Nf1 b4 13. Ng3 Kh7 14. Nf5 a5 15. g4
Ng8 16. g5 g6 17. Ng3 f5 18. exf5 gxf5 19. Nh4 f4 20. g6+ Kh8 21. Nh5 Bxh4 22.
g7+ Kh7 23. gxf8=Q Rxf8 24. Bd5 Nf6 25. Nxf6+ Rxf6 26. Be4+ Kh8 27. Qf3 Nd8 28.
Bxb7 c6 29. Ba6 Qa7 30. Bc4 Qg7+ 31. Kh1 d5 32. Rxe5 dxc4 33. Re8+ Rf8 34.
Rxf8+ Qxf8 35. Bxf4 Qc5 36. d4 Qd5 37. Be5+ Kh7 38. Qxd5 cxd5 39. Rg1 h5 40. f4
bxc3 41. bxc3 Bf2 42. Rg7+ Kh6 43. Rd7 1-0

[Event "MCR senioru 2014 - nad 60 let"]
[Site "Rychnov nad Kneznou"]
[Date "2014.08.21"]
[Round "6.22"]
[White "Brhlík, Antonín"]
[Black "Pokorný, Jan"]
[Result "1-0"]
[WhiteElo "1688"]
[BlackElo "1866"]
[PlyCount "79"]
[EventDate "2014.08.16"]

1. e4 c5 2. Nf3 d6 3. d4 cxd4 4. Nxd4 Nf6 5. Nc3 g6 6. Be3 Bg7 7. Bc4 O-O 8. f3
Nc6 9. Qd2 a6 10. h4 h5 11. O-O-O Ne5 12. Bb3 b5 13. Bh6 Nc4 14. Bxc4 bxc4 15.
Bxg7 Kxg7 16. g4 hxg4 17. h5 Nxh5 18. Rxh5 Rh8 19. Rhh1 gxf3 20. Nxf3 Bg4 21.
Rxh8 Qxh8 22. Rf1 Qh3 23. Qf2 Bxf3 24. Qxf3 Qxf3 25. Rxf3 f6 26. Nd5 Kf7 27.
Rh3 Ra7 28. Rh7+ Ke6 29. Nf4+ Ke5 30. Nxg6+ Kxe4 31. Rxe7+ Rxe7 32. Nxe7 d5 33.
Kd2 d4 34. Ke2 f5 35. Ng6 a5 36. b3 d3+ 37. cxd3+ cxd3+ 38. Kd2 a4 39. bxa4 Kd4
40. a3 1-0

[Event "MCR senioru 2014 - nad 60 let"]
[Site "Rychnov nad Kneznou"]
[Date "2014.08.21"]
[Round "6.23"]
[White "Glöckner, Jaromír"]
[Black "Stankev, Martin"]
[Result "1-0"]
[WhiteElo "1848"]
[BlackElo "1804"]
[PlyCount "29"]
[EventDate "2014.08.16"]

1. e4 e5 2. Nc3 Nf6 3. f4 d6 4. Bc4 Nbd7 5. Nf3 Be7 6. d4 exf4 7. Bxf4 Nb6 8.
Bd3 O-O 9. O-O d5 10. e5 Nh5 11. Bxh7+ Kxh7 12. Ng5+ Bxg5 13. Qxh5+ Bh6 14.
Bxh6 gxh6 15. Rf6 1-0

[Event "MCR senioru 2014 - nad 60 let"]
[Site "Rychnov nad Kneznou"]
[Date "2014.08.21"]
[Round "6.24"]
[White "Haderka, Karel"]
[Black "Istel, Oldøich"]
[Result "1-0"]
[WhiteElo "1836"]
[BlackElo "1798"]
[PlyCount "124"]
[EventDate "2014.08.16"]

1. c4 Nf6 2. Nc3 e5 3. g3 Bc5 4. Bg2 O-O 5. e3 Nc6 6. Nge2 d5 7. cxd5 Ne7 8. e4
Bd7 9. d4 exd4 10. Nxd4 c6 11. Bg5 Ng4 12. O-O f6 13. Be3 cxd5 14. exd5 Bd6 15.
Re1 Ne5 16. Qe2 Rc8 17. Ndb5 Bxb5 18. Qxb5 b6 19. Rac1 Nf5 20. Ne4 Qe7 21. Nxd6
Qxd6 22. Bf4 Rxc1 23. Rxc1 Nd4 24. Qa6 Ndf3+ 25. Kh1 Qxd5 26. Qe2 Qd3 27. Qxd3
Nxd3 28. Bxf3 Nxc1 29. Bxc1 Rc8 30. Be3 Rc2 31. b4 Kf8 32. Bd5 Ke7 33. Bb3 Rc8
34. Kg2 h6 35. h4 g5 36. hxg5 hxg5 37. Kf3 Kd6 38. Ke4 Ke7 39. Kf5 Rd8 40. Bc1
Rd3 41. Be3 Rd8 42. g4 Rd3 43. Ke4 Rd8 44. Bd5 Rh8 45. Kd4 Kd6 46. a4 Re8 47.
Be4 Re7 48. f3 Kc7 49. Kc4 Kd6 50. Bd4 Rc7+ 51. Kb5 Ke7 52. Bxb6 axb6 53. Kxb6
Rc4 54. Kb5 Rc7 55. a5 Kd8 56. a6 Kc8 57. Kb6 Kb8 58. b5 Re7 59. Bb7 Re6+ 60.
Bc6 Re7 61. Kc5 Ka7 62. Kd6 Rf7 1-0

[Event "MCR senioru 2014 - nad 70 let"]
[Site "Rychnov nad Kneznou"]
[Date "2014.08.21"]
[Round "6.1"]
[White "Zamecnik, Bohumir"]
[Black "Mesiarik, Rudolf"]
[Result "1/2-1/2"]
[WhiteElo "1852"]
[BlackElo "2136"]
[PlyCount "40"]
[EventDate "2014.??.??"]

1. c4 c5 2. Nc3 g6 3. e4 Bg7 4. g3 Nc6 5. Bg2 d6 6. Nge2 e6 7. d3 Nge7 8. Be3
Nd4 9. O-O O-O 10. Rb1 a6 11. a3 Rb8 12. b4 Nxe2+ 13. Nxe2 cxb4 14. axb4 b5 15.
cxb5 axb5 16. Qb3 Bb7 17. Rfc1 Qd7 18. Bd4 e5 19. Bb2 Rfc8 20. d4 Nc6 1/2-1/2

[Event "MCR senioru 2014 - nad 70 let"]
[Site "Rychnov nad Kneznou"]
[Date "2014.08.21"]
[Round "6.2"]
[White "Vitek, Vaclav"]
[Black "Most, Zdenek"]
[Result "1/2-1/2"]
[WhiteElo "2049"]
[BlackElo "2037"]
[PlyCount "22"]
[EventDate "2014.??.??"]

1. d4 Nf6 2. Nf3 g6 3. g3 Bg7 4. Bg2 O-O 5. O-O d5 6. c3 Nbd7 7. Re1 b6 8. Na3
Bb7 9. Nd2 Qc8 10. b3 c5 11. Bb2 a6 1/2-1/2

[Event "MCR senioru 2014 - nad 70 let"]
[Site "Rychnov nad Kneznou"]
[Date "2014.08.21"]
[Round "6.3"]
[White "Zeman, Ladislav"]
[Black "Tobiska, Jaroslav"]
[Result "1-0"]
[WhiteElo "1870"]
[BlackElo "1704"]
[PlyCount "49"]
[EventDate "2014.??.??"]

1. e4 e5 2. Nf3 Nc6 3. Nc3 Nf6 4. d3 d6 5. Bg5 Be7 6. h3 h6 7. Bh4 O-O 8. g4
Nh7 9. Bxe7 Nxe7 10. Qd2 Ng6 11. O-O-O c5 12. Nd5 Be6 13. c4 a6 14. Ng1 b5 15.
Ne2 b4 16. f4 exf4 17. Nexf4 Nxf4 18. Qxf4 a5 19. h4 g5 20. hxg5 Qxg5 21. Rxh6
Qxf4+ 22. Nxf4 Bxg4 23. Rd2 Kg7 24. Rxd6 f5 25. Ne6+ 1-0

[Event "MCR senioru 2014 - nad 70 let"]
[Site "Rychnov nad Kneznou"]
[Date "2014.08.21"]
[Round "6.4"]
[White "Slechta, Karel"]
[Black "Volf, Jaroslav"]
[Result "1/2-1/2"]
[WhiteElo "1874"]
[BlackElo "2074"]
[PlyCount "42"]
[EventDate "2014.??.??"]

1. e4 c5 2. Nf3 Nf6 3. Nc3 Nc6 4. d4 d5 5. exd5 Nxd5 6. Nxd5 Qxd5 7. Be3 cxd4
8. Nxd4 a6 9. Qf3 Qxf3 10. Nxf3 g6 11. O-O-O Bg7 12. h3 O-O 13. Bc4 b5 14. Bd5
Bb7 15. Bb3 Na5 16. Bd5 Bxd5 17. Rxd5 Nc4 18. Bd4 Bh6+ 19. Kb1 Rfd8 20. Rxd8+
Rxd8 21. Bc3 Nd2+ 1/2-1/2

[Event "MCR senioru 2014 - nad 70 let"]
[Site "Rychnov nad Kneznou"]
[Date "2014.08.21"]
[Round "6.5"]
[White "Bielavsky, Jiri"]
[Black "Laszkiewicz, Jerzy"]
[Result "1-0"]
[WhiteElo "2031"]
[BlackElo "1949"]
[PlyCount "73"]
[EventDate "2014.??.??"]

1. e4 c5 2. Nf3 Nc6 3. Bb5 g6 4. O-O Bg7 5. c3 d6 6. d4 cxd4 7. cxd4 Bd7 8. Nc3
e6 9. Bf4 e5 10. Bg5 f6 11. Be3 Nge7 12. Qb3 a6 13. Bxc6 bxc6 14. dxe5 dxe5 15.
Rfd1 Qc8 16. Rd6 Qb8 17. Rxd7 Kxd7 18. Qf7 Qf8 19. Rd1+ Kc7 20. Qe6 Rd8 21. Bc5
Rxd1+ 22. Nxd1 Qd8 23. Qxe7+ Qxe7 24. Bxe7 Kd7 25. Bc5 Ke6 26. Kf1 Rb8 27. Nd2
Bh6 28. Nb3 Rd8 29. Ke2 f5 30. Nc3 Bg5 31. f3 Bh6 32. Na4 fxe4 33. fxe4 Bf4 34.
g3 Bh6 35. Bb6 Ra8 36. Nac5+ Ke7 37. a4 1-0

[Event "MCR senioru 2014 - nad 70 let"]
[Site "Rychnov nad Kneznou"]
[Date "2014.08.21"]
[Round "6.6"]
[White "Holecek, Vladimir"]
[Black "Neubauer, Vilem"]
[Result "1-0"]
[WhiteElo "1969"]
[BlackElo "1829"]
[PlyCount "91"]
[EventDate "2014.??.??"]

1. e4 g6 2. d4 Bg7 3. Nc3 d6 4. Nf3 Bg4 5. Be3 Nf6 6. h3 Bxf3 7. Qxf3 O-O 8. g4
Nc6 9. Bg2 e5 10. dxe5 dxe5 11. Bc5 Re8 12. Rd1 Qc8 13. Ne2 b6 14. Ba3 Qe6 15.
b3 Rad8 16. O-O Nd4 17. Qd3 h5 18. f3 hxg4 19. hxg4 c5 20. c3 Nxe2+ 21. Qxe2
Bh6 22. Rxd8 Rxd8 23. Rd1 Qe7 24. Bb2 Be3+ 25. Kf1 Bf4 26. Rd3 Rxd3 27. Qxd3
Ne8 28. c4 Nc7 29. Bc3 Bc1 30. Ke2 f6 31. Qd1 Ba3 32. Bd2 Ne6 33. Be3 Nd4+ 34.
Kf2 Bb4 35. Kf1 a6 36. Kf2 Kf7 37. Bf1 Ke6 38. Bh3 Qh7 39. Kg2 Ke7 40. Kg3 Qf7
41. Bg2 f5 42. exf5 gxf5 43. f4 exf4+ 44. Bxf4 Be1+ 45. Qxe1+ Kd7 46. Qe5 1-0

[Event "MCR senioru 2014 - nad 70 let"]
[Site "Rychnov nad Knìžnou"]
[Date "2014.08.21"]
[Round "6.7"]
[White "Walter, Jaroslav"]
[Black "Jaèek, Miloslav"]
[Result "0-1"]
[WhiteElo "1742"]
[BlackElo "2030"]
[PlyCount "56"]
[EventDate "2014.08.18"]

1. e4 c5 2. Nf3 d6 3. Bc4 e6 4. Nc3 a6 5. a3 Nf6 6. d4 cxd4 7. Nxd4 Nxe4 8.
Nxe4 d5 9. Bd3 dxe4 10. Bxe4 e5 11. Nf3 Qxd1+ 12. Kxd1 f6 13. Be3 Nc6 14. Ke2
Be6 15. Rhd1 Be7 16. Bd5 Kf7 17. Bxe6+ Kxe6 18. Rd2 Rhd8 19. Rad1 Rxd2+ 20.
Rxd2 Na5 21. Rd3 Rc8 22. Ne1 f5 23. Bd2 Nc6 24. Bc3 Bf6 25. Rd2 Ne7 26. Nd3 Nd5
27. Bb4 b6 28. a4 e4 0-1

[Event "MCR senioru 2014 - nad 70 let"]
[Site "Rychnov nad Knìžnou"]
[Date "2014.08.21"]
[Round "6.8"]
[White "Blazek, Jaroslav"]
[Black "Havrlík, Pavel"]
[Result "1-0"]
[WhiteElo "1701"]
[BlackElo "1879"]
[PlyCount "37"]
[EventDate "2014.08.18"]

1. e4 Nc6 2. d4 d5 3. e5 Bf5 4. c3 Qd7 5. Bd3 e6 6. Bxf5 exf5 7. Nf3 O-O-O 8.
b4 f6 9. b5 Na5 10. a4 Ne7 11. Ba3 Ng6 12. Bxf8 Rhxf8 13. O-O fxe5 14. Nxe5
Nxe5 15. dxe5 Nc4 16. Qd4 Nb6 17. a5 Nc4 18. Qxa7 Qxb5 19. e6 1-0

[Event "MCR senioru 2014 - nad 70 let"]
[Site "Rychnov nad Knìžnou"]
[Date "2014.08.21"]
[Round "6.9"]
[White "Bohuslav, Jan"]
[Black "Strakoš, Tomáš"]
[Result "1/2-1/2"]
[WhiteElo "1964"]
[BlackElo "1780"]
[PlyCount "67"]
[EventDate "2014.08.18"]

1. e4 c5 2. Nf3 e6 3. c4 Nc6 4. Nc3 d6 5. g3 e5 6. Bg2 Be6 7. d3 h6 8. O-O Nf6
9. h3 Be7 10. Nd5 Qd7 11. Kh2 Bd8 12. Be3 O-O 13. Ng1 Nd4 14. f4 Bxd5 15. cxd5
Kh7 16. Rc1 Rc8 17. Nf3 Nxf3+ 18. Bxf3 Qb5 19. Rf2 Qe8 20. Rfc2 b6 21. b4 g6
22. Qd2 Nd7 23. d4 f5 24. exf5 gxf5 25. fxe5 dxe5 26. dxc5 e4 27. Be2 Ne5 28.
Bxh6 Rg8 29. Bf4 Nf3+ 30. Bxf3 exf3 31. Re1 Qh5 32. Re6 Rg6 33. Qe3 Bf6 34. Rf2
1/2-1/2

[Event "MCR senioru 2014 - nad 70 let"]
[Site "Rychnov nad Knìžnou"]
[Date "2014.08.21"]
[Round "6.10"]
[White "Blaha, Bohuslav"]
[Black "Glembek, Bohumír"]
[Result "0-1"]
[WhiteElo "1903"]
[BlackElo "1779"]
[PlyCount "151"]
[EventDate "2014.08.18"]

1. e4 Nf6 2. e5 Nd5 3. d4 d6 4. Nf3 Bg4 5. Be2 Nc6 6. h3 Bh5 7. O-O e6 8. Re1
Be7 9. c4 Nb6 10. d5 exd5 11. cxd5 Bxf3 12. Bxf3 Nxe5 13. Nc3 O-O 14. b3 Bf6
15. Bb2 Re8 16. Be4 Ng6 17. Qc2 Be5 18. Nb5 a6 19. Bxe5 Rxe5 20. Nc3 Qe7 21.
Qd2 Qg5 22. Qxg5 Rxg5 23. Bxg6 hxg6 24. Re7 Rc8 25. Rae1 Kf8 26. a4 Nxd5 27.
Nxd5 Rxd5 28. f4 Rc5 29. R1e3 g5 30. fxg5 Rxg5 31. Rd7 Re5 32. Rc3 Re7 33. Rxd6
Ke8 34. Rd4 Rd8 35. Rh4 Rd6 36. Rhc4 c6 37. Kf2 Kd7 38. Kf3 b5 39. axb5 axb5
40. Rf4 f6 41. Re4 Rxe4 42. Kxe4 Re6+ 43. Kf4 Re5 44. h4 Kd6 45. g4 g5+ 46.
hxg5 fxg5+ 47. Kf3 c5 48. Rd3+ Rd5 49. Re3 Rd4 50. Rc3 Kd5 51. Re3 Rf4+ 52. Kg3
Re4 53. Rd3+ Rd4 54. Rf3 Ke4 55. Rf5 Rd5 56. Rf1 Rd3+ 57. Kg2 Rxb3 58. Rf5 c4
59. Rxg5 Kf4 60. Rg8 Rg3+ 61. Kf2 Rxg4 62. Re8 Rg5 63. Kf1 Re5 64. Rf8+ Ke4 65.
Ke1 Kd3+ 66. Kd1 b4 67. Kc1 Re1+ 68. Kb2 c3+ 69. Ka2 Re2+ 70. Kb1 Kc4 71. Rf4+
Kb3 72. Rf1 Ka3 73. Rc1 Rd2 74. Rc2 Kb3 75. Rc1 Ra2 76. Rg1 0-1

[Event "MCR senioru 2014 - nad 70 let"]
[Site "Rychnov nad Knìžnou"]
[Date "2014.08.21"]
[Round "6.11"]
[White "Langr, Jiøí"]
[Black "Pavlù, Jiøí"]
[Result "0-1"]
[WhiteElo "1654"]
[BlackElo "1870"]
[PlyCount "82"]
[EventDate "2014.08.18"]

1. d4 d5 2. c4 c6 3. e3 Nf6 4. Nc3 e6 5. a3 Bd6 6. Nf3 Nbd7 7. Bd2 O-O 8. c5
Be7 9. Bd3 Qc7 10. h3 e5 11. Bb1 h6 12. O-O Re8 13. b4 Nh7 14. Qc2 e4 15. Nh2
Ndf6 16. Ba2 Be6 17. Rfb1 Qd7 18. Qd1 Bd8 19. b5 Bc7 20. Qf1 Bxh2+ 21. Kxh2 Ng5
22. Ne2 Bxh3 23. Ng1 Bf5 24. a4 Qc7+ 25. Kh1 Ng4 26. g3 h5 27. b6 Qb8 28. bxa7
Rxa7 29. a5 h4 30. Ne2 Nf3 31. Bc3 hxg3 32. Nxg3 Re6 33. Qe2 Rh6+ 34. Kg2 Rh2+
35. Kf1 Rxf2+ 36. Qxf2 Nxf2 37. Kxf2 Bg4 38. Rh1 Qd8 39. Raf1 Ra6 40. Be1 Qg5
41. Kg2 Nxe1+ 0-1

[Event "MCR senioru 2014 - nad 70 let"]
[Site "Rychnov nad Knìžnou"]
[Date "2014.08.21"]
[Round "6.12"]
[White "Košek, Lubomír"]
[Black "Zikmund, Jaroslav"]
[Result "0-1"]
[WhiteElo "1762"]
[BlackElo "1852"]
[PlyCount "86"]
[EventDate "2014.08.18"]

1. e4 c5 2. Nf3 Nc6 3. d4 cxd4 4. Nxd4 d6 5. Be3 Nf6 6. Nc3 g6 7. Qd2 Ng4 8.
Bg5 Bg7 9. Nb3 h6 10. Bf4 Be6 11. h3 Nge5 12. Be3 Bc4 13. Be2 Bxe2 14. Qxe2 a6
15. Nd5 Nd7 16. c3 e6 17. Nf4 Nf6 18. f3 g5 19. Nd3 Na5 20. O-O O-O 21. Qf2 Nc4
22. Bc1 d5 23. exd5 Qxd5 24. Nb4 Qb5 25. Nd4 Qb6 26. b3 a5 27. Nd3 Nd6 28. Be3
Nd5 29. Nf5 Nxe3 30. Nxg7 Kxg7 31. Rfe1 Nd5 32. Qxb6 Nxb6 33. c4 Nf5 34. Nc5
Rab8 35. Rad1 Rfc8 36. Nd7 Nxd7 37. Rxd7 Rd8 38. Rc7 Kf8 39. Re5 b6 40. c5 Rd5
41. Rxd5 exd5 42. c6 Ne7 43. Rb7 Nxc6 0-1